000 00288nam a22001337a 4500
008 171023b xxu||||| |||| 00| 0 eng d
020 _a9781452203409
041 _aeng
080 _26TH
_a658
100 _a54
101 _aLID
245 _aLEADERSHIP
_cNORTHOUSE,P.G
942 _2udc
_cBK
999 _c35392
_d35392